000
00339pam a2200157a 44500
008
230515b2003 xxu||||| |||| 00| 0 eng d
020
_a
NULL
041
_a
ENGLISH
082
_a
610.73677
100
_a
N DC MAZAMDER
245
_a
NEONATAL ORTHOPAEDICS
250
_a
0
260
_a
_b
JAYPEE
_c
2003
300
_a
175
650
_a
NULL
999
_c
525742
_d
525742